Detalles MARC
| 000 -CABECERA |
| campo de control de longitud fija |
02470nam a2200337 i 4500 |
| 001 - NÚMERO DE CONTROL |
| campo de control |
000015507 |
| 003 - IDENTIFICADOR DEL NÚMERO DE CONTROL |
| campo de control |
DO-SdBNP |
| 005 - FECHA Y HORA DE LA ÚLTIMA TRANSACCIÓN |
| campo de control |
20260212094802.0 |
| 007 - CAMPO FIJO DE DESCRIPCIÓN FÍSICA--INFORMACIÓN GENERAL |
| campo de control de longitud fija |
ta |
| 008 - DATOS DE LONGITUD FIJA--INFORMACIÓN GENERAL |
| campo de control de longitud fija |
100211s2006 dr c 000 0 spa d |
| 040 ## - FUENTE DE LA CATALOGACIÓN |
| Centro catalogador/agencia de origen |
DO-SdBNP |
| Lengua de catalogación |
spa |
| Centro/agencia transcriptor |
BNPHU |
| Normas de descripción |
rda |
| 041 ## - CÓDIGO DE LENGUA |
| Código de lengua del texto/banda sonora o título independiente |
spa |
| 082 #4 - NÚMERO DE LA CLASIFICACIÓN DECIMAL DEWEY |
| Número de clasificación |
320. 97293 |
| Número de documento/Ítem |
T231di |
| Número de edición |
22 |
| 100 1# - ENTRADA PRINCIPAL--NOMBRE DE PERSONA |
| Nombre de persona |
Tavárez Justo, Manolo, |
| Fechas asociadas al nombre |
1931-1963 |
| Término indicativo de función/relación |
autor |
| Código de función/relación |
aut. |
| 9 (RLIN) |
35025 |
| 245 10 - MENCIÓN DE TÍTULO |
| Título |
Discursos políticos 1961-1963 / |
| Mención de responsabilidad, etc. |
Manolo Tavárez Justo ; edición, Cristina Díaz, Teresa Espaillat. |
| 264 #4 - PRODUCCIÓN, PUBLICACIÓN, DISTRIBUCIÓN, FABRICACIÓN Y COPYRIGHT |
| Producción, publicación, distribución, fabricación y copyright |
Santo Domingo, República Dominicana : |
| Nombre del de productor, editor, distribuidor, fabricante |
Fundación Manolo Tavárez, |
| Fecha de producción, publicación, distribución, fabricación o copyright |
©2006. |
| 300 ## - DESCRIPCIÓN FÍSICA |
| Extensión |
188 páginas : |
| Otras características físicas |
ilustraciones, retratos ; |
| Dimensiones |
22 cm. |
| 336 ## - TIPO DE CONTENIDO |
| Término de tipo de contenido |
texto |
| Código de tipo de contenido |
txt |
| Fuente |
rdacontent |
| 337 ## - TIPO DE MEDIO |
| Nombre/término del tipo de medio |
sin mediación |
| Código del tipo de medio |
n |
| Fuente |
rdamedia |
| 338 ## - TIPO DE SOPORTE |
| Nombre/término del tipo de soporte |
volumen |
| Código del tipo de soporte |
nc |
| Fuente |
rdacarrier |
| 500 ## - NOTA GENERAL |
| Nota general |
Incluye datos biográficos del autor en las solapas |
| 505 0# - NOTA DE CONTENIDO CON FORMATO |
| Nota de contenido con formato |
Presentación -- |
| Título |
Discurso ante la Asamblea del Movimiento Revolucionario 14 de Junio. 30 de julio de 1961 -- |
| -- |
Discurso en la concentración celebrada por el 14 de Junio, en el en el parque Duarte de la ciudad de Santiago. 19 de agosto de 1961 -- |
| -- |
Discurso pronunciado en el acto celebrado por el 14 de Junio en el Parque Colón de la ciudad capital el 16 de septiembre de 1961 -- |
| -- |
Texto de salutación emitida por la voz del Trópico al regresar al país, tras presidir la misión del 14 de Junio, que propugnó por el mantenimiento de las sanciones del gobierno del Dr. Balaguer -- |
| -- |
Discurso pronunciado por Manolo Tavárez en la gran concentración en el Parque Independencia celebrada el 14 de junio de 1962 -- |
| -- |
Alocución del Dr. Manuel A. Tavárez Justo, Presidente del Comité Central Ejecutivo de la Agrupación Política 14 de Junio leída por Radio Cibao . (Inédita) 6 de noviembre de 1962 -- |
| -- |
Informe de Manolo Tavárez ante la Primera Asamblea Extraordinaria de la Agrupación Política 14 de Junio celebrada en la ciudad capital. Diciembre de 1962 -- |
| -- |
Discurso pronunciado por Manolo Tavárez en el Aniversario de la gesta del 14 de Junio de 1959. 14 de junio de 1963. |
| 590 ## - NOTA LOCAL (RLIN) |
| Nota local |
Inventariado, 2018/LP |
| 600 14 - PUNTO DE ACCESO ADICIONAL DE MATERIA--NOMBRE DE PERSONA |
| Nombre de persona |
Tavárez Justo, Manolo |
| Fechas asociadas al nombre |
1931-1963 |
| 9 (RLIN) |
35026 |
| 650 #4 - PUNTO DE ACCESO ADICIONAL DE MATERIA--TÉRMINO DE MATERIA |
| Término de materia o nombre geográfico como elemento de entrada |
Discursos |
| Subdivisión cronológica |
1961-1963 |
| 9 (RLIN) |
35027 |
| 651 #4 - PUNTO DE ACCESO ADICIONAL DE MATERIA--NOMBRE GEOGRÁFICO |
| Nombre geográfico |
República Dominicana |
| Subdivisión general |
Política y gobierno |
| -- |
Ensayos, conferencias, etc. |
| Subdivisión cronológica |
1961-1963 |
| 9 (RLIN) |
35028 |
| 700 1# - PUNTO DE ACCESO ADICIONAL--NOMBRE DE PERSONA |
| Nombre de persona |
Díaz, Cristina, |
| Término indicativo de función/relación |
editor |
| Código de función/relación |
ed. |
| 9 (RLIN) |
16872 |
| 700 1# - PUNTO DE ACCESO ADICIONAL--NOMBRE DE PERSONA |
| Nombre de persona |
Espaillat, Teresa, |
| Fechas asociadas al nombre |
1943- |
| Término indicativo de función/relación |
editor |
| Código de función/relación |
ed. |
| 9 (RLIN) |
16869 |
| 910 ## - DATOS DE OPCIÓN DEL USUARIO (OCLC) |
| Datos de opción del usuario |
Validado. Control de calidad MFF |
| 942 ## - ELEMENTOS DE PUNTO DE ACCESO ADICIONAL (KOHA) |
| Fuente del sistema de clasificación o colocación |
Dewey Decimal Classification |
| Tipo de ítem Koha |
Libro |